Библиотечное общение как феномен исследования: монография

Dettagli Bibliografici
Autore principale: Езова С. А. Светлана Андреевна
Riassunto:Книга принадлежит перу автора известных читателю пособий «Грани библиотечного общения» (М.: ИПО «Профиздат», 2002), «Культура общения библиотекарей» (М.: Либерея-Бибинформ, 2004), а также более 280 других публикаций по проблемам библиотечного общения, профессиональной этики, методологии научных исследований и подготовки библиотечных кадров. Монография посвящена методологическим, теоретическим, методическим и практическим проблемам библиотечного общения в библиотековедении двух последних десятилетий. В издании обобщены новые авторские разработки различных аспектов библиотечного общения и использования образовательных технологий в развитии коммуникативной компетенции библиотечных специалистов. Книга рассчитана на широкий круг профессионалов: библиотекарей, педагогов, студентов высших и средних учебных заведений, аспирантов, научных работников библиотечно-информационной и других сфер деятельности.
Lingua:russo
Pubblicazione: Москва, Либерея-Бибинформ, 2007
Serie:Библиотекарь и время. XXI век Вып. 78
Soggetti:
Natura: MixedMaterials Libro
KOHA link:https://koha.lib.tpu.ru/cgi-bin/koha/opac-detail.pl?biblionumber=132920

MARC

LEADER 00000nam0a2200000 4500
001 132920
005 20231031135140.0
010 |a 5851291753 
035 |a (RuTPU)RU\TPU\book\143933 
090 |a 132920 
100 |a 20080311d2007 km y0rusy50 ca 
101 0 |a rus 
102 |a RU 
105 |a y z 001zy 
200 1 |a Библиотечное общение как феномен исследования  |e монография  |f С. А. Езова 
210 |a Москва  |c Либерея-Бибинформ  |d 2007 
215 |a 160 с. 
225 1 |a Библиотекарь и время. XXI век  |v Вып. 78 
320 |a Литература: с. 145-157. 
330 |a Книга принадлежит перу автора известных читателю пособий «Грани библиотечного общения» (М.: ИПО «Профиздат», 2002), «Культура общения библиотекарей» (М.: Либерея-Бибинформ, 2004), а также более 280 других публикаций по проблемам библиотечного общения, профессиональной этики, методологии научных исследований и подготовки библиотечных кадров. Монография посвящена методологическим, теоретическим, методическим и практическим проблемам библиотечного общения в библиотековедении двух последних десятилетий. В издании обобщены новые авторские разработки различных аспектов библиотечного общения и использования образовательных технологий в развитии коммуникативной компетенции библиотечных специалистов. Книга рассчитана на широкий круг профессионалов: библиотекарей, педагогов, студентов высших и средних учебных заведений, аспирантов, научных работников библиотечно-информационной и других сфер деятельности. 
610 1 |a библиотеки 
610 1 |a библиотечное дело 
610 1 |a библиотечное обслуживание 
610 1 |a работа с читателями 
610 1 |a библиотечное общение 
610 1 |a теория 
610 1 |a методология 
610 1 |a речевое общение 
610 1 |a психология 
610 1 |a этика 
610 1 |a библиотечные коммуникации 
686 |a Ч735  |v LBC/SL-A  |2 rubbk 
700 1 |a Езова  |b С. А.  |g Светлана Андреевна 
801 1 |a RU  |b 63413507  |c 20080311  |g PSBO 
801 2 |a RU  |b 63413507  |c 20161101  |g PSBO 
942 |c BK